| 000 | 00843cam a2200289 4500 | ||
|---|---|---|---|
| 999 |
_c4929 _d4929 |
||
| 001 | 4929 | ||
| 003 | BD-JhCC | ||
| 005 | 20171209193050.0 | ||
| 008 | 731226s1974 nyua b 001 0 eng | ||
| 020 | _a0471446246 | ||
| 035 | _a(BD-JhCC)4929 | ||
| 040 |
_aDLC _cDLC _dDLC _dBD-JhCC |
||
| 041 | _aeng | ||
| 050 | 0 | 0 |
_aBF721 _b.J53 1974 |
| 060 | _aWS105 J68c 1974 | ||
| 082 | 0 | 0 |
_a155.4 _bJOH 1974 |
| 100 | 1 |
_aJohnson, Ronald C. _q(Ronald Charles) |
|
| 245 | 1 | 0 |
_aChild psychology; behavior and development / _c[by] Ronald C. Johnson [and] Gene R. Medinnus. |
| 250 | _a3rd ed. | ||
| 260 |
_aNew York, _bWiley _c[1974] |
||
| 300 |
_axiv, 562 p. _billus. _c26 cm. |
||
| 504 | _aIncludes bibliographies. | ||
| 650 | 0 | _aChild psychology. | |
| 650 | 2 | _aChild psychology. | |
| 700 | 1 | _aMedinnus, Gene Roland, | |
| 942 |
_2ddc _cBK |
||